| 000 | 00413 a2200145 4500 | ||
|---|---|---|---|
| 082 | _a909 | ||
| 090 |
_c1125 _d1125 |
||
| 100 | _a Toynbee, Arnold Joseph | ||
| 245 |
_a A study of history _c Arnold Joseph, Toynbee. |
||
| 260 |
_aIslamabad: _bNational Book Foundation, _c1972. |
||
| 300 |
_axii, 414 p. ; _c 23 cm. |
||
| 500 | _aIncludes Index | ||
| 650 | _a1.History--Philosophy.2.Civilization. | ||
| 942 |
_cBK _k909 TOY |
||
| 999 |
_c5087 _d5087 |
||